书目信息 |
| 题名: |
红×
|
|
| 作者: | 李傻傻 著 | |
| 分册: | ||
| 出版信息: | 广州 花城出版社 2004.07 |
|
| 页数: | 290页 | |
| 开本: | 21cm | |
| 丛书名: | ||
| 单 册: | ||
| 中图分类: | I247.5 | |
| 科图分类: | ||
| 主题词: | 长篇小说--中国--当代 | |
| 电子资源: | ||
| ISBN: | 7-5360-4373-2 | |
| 000 | 00899nam0 2200241 450 | |
| 001 | 192004001399 | |
| 005 | 20070914112512.82 | |
| 010 | @a7-5360-4373-2@dCNY19.00 | |
| 100 | @a20070531d2004 em y0chiy0121 ea | |
| 101 | 0 | @achi |
| 102 | @aCN@b440000 | |
| 105 | @ay z 000ay | |
| 200 | 1 | @a红×@Ahong×@e老师批改作业时常用的符号@f李傻傻著 |
| 210 | @a广州@c花城出版社@d2004.07 | |
| 215 | @a290页@d21cm | |
| 300 | @a其他题名:老师批改作业时常用的符号 | |
| 330 | @a本书写的是大学生活, 却并没有停留在大学校园生活的阶段。而是试图去构成一个更极端的青春体验故事。一个少年父子两代的命运, 一个少年与一对母女的爱恋, 所有美好事物的被伤害, 构成了这本青春小说沉重的底色。 | |
| 517 | 1 | @a老师批改作业时常用的符号@Alao shi pi gai zuo ye shi chang yong de fu hao |
| 606 | 0 | @a长篇小说@y中国@z当代 |
| 690 | @aI247.5@v4 | |
| 701 | 0 | @a李傻傻@Ali sha sha@4著 |
| 801 | 0 | @aCN@c20070914 |
| 905 | @dI247.5@eL256 | |
| 红×:老师批改作业时常用的符号/李傻傻著.-广州:花城出版社,2004.07 |
| 290页;21cm |
| 其他题名:老师批改作业时常用的符号 |
| ISBN 7-5360-4373-2:CNY19.00 |
| 本书写的是大学生活, 却并没有停留在大学校园生活的阶段。而是试图去构成一个更极端的青春体验故事。一个少年父子两代的命运, 一个少年与一对母女的爱恋, 所有美好事物的被伤害, 构成了这本青春小说沉重的底色。 |
| ● |
| 相关链接 |
|
|
|
正题名:红×
索取号:I247.5/L256
 
预约/预借
| 序号 | 登录号 | 条形码 | 馆藏地/架位号 | 状态 | 备注 |
| 1 | 624813 | 206248130 | 社科二线400B/400B社科库 16排2列5层/ [索取号:I247.5/L256] | 在馆 | |
| 2 | 624814 | 206248149 | 文学库108/108文学库 32排1列1层/ [索取号:I247.5/L256] | 在馆 | |
| 3 | 624815 | 206248158 | 文学库108/108文学库 32排1列1层/ [索取号:I247.5/L256] | 在馆 |